=LDR 00000nam 2200000 4500 =001 INLIS000000000031633 =005 20130612133708 =008 ***********************************Ind** =035 ##$$0010-061300000031633 =041 ##$$a Ind =082 ##$$a 421.5 =090 ##$$a 421.5, Fat c =100 ##$$a Fathuddin =245 ##$$a Cara mudah meningkatkan penguasaan dan kemampuan dalam menggunakan verba ungkapan bahasa inggris, yang terpenting dan terlazim digunakan, Fathuddin =260 ##$$a 2007 $b Jakarta =300 ##$$a xi, 280 hlm, 20 cm =650 ##$$a Bahasa Inggris =850 ##$$a NBPNMAT